LIBRARY & INFORMATION CENTRE, KCAET, TAVANUR

ONLINE PUBLIC ACCESS CATALOGUE (OPAC)

Workshop Rock Mechanics 12-14 August 1996, New Delhi proceedings / (Record no. 819)

MARC details
000 -LEADER
fixed length control field 00412cam a2200157ua 4500
003 - CONTROL NUMBER IDENTIFIER
control field OSt
008 - FIXED-LENGTH DATA ELEMENTS--GENERAL INFORMATION
fixed length control field 260213b |||||||| |||| 00| 0 eng d
041 ## - LANGUAGE CODE
Language code of text/sound track or separate title eng
082 ## - DEWEY DECIMAL CLASSIFICATION NUMBER
Classification number 624.15132
Item number VAR/WO
245 ## - TITLE STATEMENT
Title Workshop Rock Mechanics 12-14 August 1996, New Delhi proceedings /
260 ## - PUBLICATION, DISTRIBUTION, ETC. (IMPRINT)
Place of publication :
Name of publisher Central Board of I and P ,
Year of publication 1996.
300 ## - PHYSICAL DESCRIPTION
Number of Pages 329 ; .
500 ## - GENERAL NOTE
General note 20239 Ref
942 ## - ADDED ENTRY ELEMENTS (KOHA)
Koha item type Books
Holdings
Withdrawn status Lost status Damaged status Home library Current library Date acquired Full call number Accession Number Koha item type
      KAUAET KAUAET 07/04/2012 624.15132 20239 Reference
free website counter